| 000 | 01531nam a2200265 4500 | ||
|---|---|---|---|
| 005 | 20240522155404.0 | ||
| 008 | 190305s1935 fr ||||fr|||| 000 f fre d | ||
| 040 |
_aCO-BoUCM _bspa _cSandra Yazo _dSandra Yazo |
||
| 041 | 0 | _afre | |
| 082 | 0 | 4 |
_220 _a843 |
| 092 | _aE53N050 | ||
| 100 | 1 |
_aLa Salle, Bertrand de _d(1902-1966) _9180968 |
|
| 242 | 0 | 3 |
_aLa piedra filosofal _yspa _cBertrand de La Salle |
| 245 | 1 | 3 |
_aLa pierre philosophale _cBertrand de La Salle |
| 260 |
_aParís (Francia) _bLibrairie Plon ; Les petits-fils de Plon-Nourrit [Librería Plon ; Nietos de Plon-Nourrit] _c1935 |
||
| 300 |
_a438 páginas _c18 x 12 cm. |
||
| 500 | _aDetalles físicos: Sin encuadernación original, actualmente, encuadernación rígida (holandesa) en cartón forrado en papel negro con textura; lomo de tela con letras y líneas decorativas en dorado. Guardas. Hoja de cortesía. Anteportada. Portada, impresa en una sola tinta, con marca tipográfica del editor. Dedicatoria. Texto impreso en una sola columna, con diferentes tipos y tamaños de letra. Márgenes amplios. Cortes decorados (jaspeado rojo). Papel con oxidación. Tapa posterior con raspadura. | ||
| 505 | 0 | _aPreludio ; Parte I ; Encuentros ; Parte II: Construcciones ; Parte III: Juventud ; Parte IV: Encrucijada ; Parte V: Destinos | |
| 506 | _aConsulta en sala | ||
| 546 | _aTexto en francés | ||
| 650 | 7 |
_920506 _aNovela francesa |
|
| 650 | 7 |
_97794 _aLiteratura francesa |
|
| 690 |
_aLiteratura europea _926524 |
||
| 942 |
_2LOCAL _cLIBRO _e1 _hE53N050 |
||
| 999 |
_c324244 _d324244 |
||